000 00612nam a2200205Ia 4500
008 241004s9999 xx 000 0 und d
020 _a9780754344072
037 _aTextbook
040 _aARTS
_beng
_cARTS
041 _aeng
_2eng
084 _aX61.6.P1 Q1
_qARTS
100 _aGadha Maha Ben [...et al] Ed.
_9724660
245 _aEconomic and monetary sovereignty in 21st century Africa
_cGadha Maha Ben [...et al] Ed.
260 _aUK
_b Pluto Press
_c2022
300 _ax,318p.
365 _aUKP
_b19.99
650 _aEconomics
942 _cTB
_hX61.6.P1 Q1
999 _c1218808
_d1218808